<?xml version='1.0' encoding='UTF-8'?>
  <record xmlns="http://www.loc.gov/MARC21/slim">
    <leader>00000ctm a22000007i 4500</leader>
    <controlfield tag="001">ocn965428501</controlfield>
    <controlfield tag="003">OCoLC</controlfield>
    <controlfield tag="005">20250504053533.4</controlfield>
    <controlfield tag="008">130801q14751500xx            000 0 lat d</controlfield>
    <datafield tag="040" ind1=" " ind2=" ">
      <subfield code="a">QGJ</subfield>
      <subfield code="b">dut</subfield>
      <subfield code="c">QGJ</subfield>
      <subfield code="d">OCLCA</subfield>
      <subfield code="d">OCLCO</subfield>
      <subfield code="d">OCLCA</subfield>
      <subfield code="d">OCLCQ</subfield>
    </datafield>
    <datafield tag="035" ind1=" " ind2=" ">
      <subfield code="a">(OCoLC)965428501</subfield>
    </datafield>
    <datafield tag="100" ind1="0" ind2=" ">
      <subfield code="a">Petrus,</subfield>
      <subfield code="c">Blesensis,</subfield>
      <subfield code="d">ca. 1135-ca. 1212.</subfield>
    </datafield>
    <datafield tag="245" ind1="1" ind2="0">
      <subfield code="a">Epistolae CLI.</subfield>
      <subfield code="f">UBU Hs. 261 (3 C 15).</subfield>
    </datafield>
    <datafield tag="260" ind1=" " ind2=" ">
      <subfield code="c">[1475-1500]</subfield>
    </datafield>
    <datafield tag="300" ind1=" " ind2=" ">
      <subfield code="a">-- p. ;</subfield>
      <subfield code="c">290 x 210 mm</subfield>
    </datafield>
    <datafield tag="336" ind1=" " ind2=" ">
      <subfield code="a">text</subfield>
      <subfield code="b">txt</subfield>
      <subfield code="2">rdacontent</subfield>
    </datafield>
    <datafield tag="337" ind1=" " ind2=" ">
      <subfield code="a">unmediated</subfield>
      <subfield code="b">n</subfield>
      <subfield code="2">rdamedia</subfield>
    </datafield>
    <datafield tag="338" ind1=" " ind2=" ">
      <subfield code="a">volume</subfield>
      <subfield code="b">nc</subfield>
      <subfield code="2">rdacarrier</subfield>
    </datafield>
    <datafield tag="340" ind1=" " ind2=" ">
      <subfield code="a">Papier.</subfield>
    </datafield>
    <datafield tag="500" ind1=" " ind2=" ">
      <subfield code="a">Bevat ook: 1. Epistola continens lamentationem de Ecclesia Hierosolymita per infideles capta. 2. Summaria epistolarum praecedentium. 3. Versus leonini de Joanne Baptista. 4. Epistolae XX sive Somnium Pharaonis moraliter expositum / Joannes de (Launha) Lemovicensis. 5. Regula ad cognoscendum gradus consanguinitatis ... / Johannes Andreas. 6. Series sanctorum patrum s. chronicon breve historiae sacra ... 7. Conclusiones ad informandum simplices ... / Johannes Gerson. 8. Epistola de mode regendi se et familiam suam / S. Bernardus. 9. Conclusiones decisionem de jure canonico. 10. Remissiones / Ysebrandus de Wyringen. 11. Sermo incipiens: Nostris fratres karissimi qualiter sathanas subintrans viscera Judeae. 12. Sermo in Jesaiam LVI / Nicolas de Oresme. 13. Practica dictaminis, ad utilitatem Parisiis compilata / Laurentius de Aquilegia.</subfield>
    </datafield>
    <datafield tag="500" ind1=" " ind2=" ">
      <subfield code="a">Retro-invoer Handschriften UB Utrecht.</subfield>
    </datafield>
    <datafield tag="524" ind1=" " ind2=" ">
      <subfield code="a">Te citeren als: Universiteitsbibliotheek Utrecht Hs. 261 (3 C 15).</subfield>
    </datafield>
    <datafield tag="581" ind1=" " ind2=" ">
      <subfield code="a">R. Stintzing, Geschichte der populären Literatur des römisch-kanonischen Rechts in Deutschland am Ende des 15. und im Anfang des 16. Jahrhunderts. Leipzig 1867. Herdruk: Aalen 1959. p. 264 (fol. 176r-180r). AB: J oct 349; JBRGS: ERR-*II*-STI.</subfield>
    </datafield>
    <datafield tag="581" ind1=" " ind2=" ">
      <subfield code="a">P.A. Tiele, Catalogus codicum manu scriptorum Bibliothecae Universitatis Rheno-Trajectinae. I. Trajecti ad Rhenum / Hagae Comitis 1887. p. 84-85. ABHSS: TK ut 1.</subfield>
    </datafield>
    <datafield tag="581" ind1=" " ind2=" ">
      <subfield code="a">A. Hulshof, Catalogus codicum manu scriptorum Bibliothecae Universitatis Rheno-Traiectinae. II. Traiecti ad Rhenum 1909. p. 34-35, 275. ABHSS: TK ut 1.</subfield>
    </datafield>
    <datafield tag="581" ind1=" " ind2=" ">
      <subfield code="a">I. Pfaff, 'Zur Geschichte des Kanonisten Wilhelm Horbach und seiner Werke'. In: Zeitschrift der Savigny-Stiftung für Rechtsgeschichte, Kan. Abt., 13 (1924), p. xxx p. 513 (fol. 137v, 55-167r).</subfield>
    </datafield>
    <datafield tag="581" ind1=" " ind2=" ">
      <subfield code="a">A. Fliniaux, 'Contributions à l'histoire des sources du droit canonique'. In: RMDFE, sér. 4, 4 (1925), p. xxx. p. xxx nt. 69 (fol. 137v, 55r-167r).</subfield>
    </datafield>
    <datafield tag="581" ind1=" " ind2=" ">
      <subfield code="a">F. Stegmüller, Repertorium Biblicum medii aevi. 11 vols. Matriti 1950-1980. dl. 4 nr. 6778. Hs. 261 J. Engels, 'Berchoriana', in: Vivarium 3 (1965), p. xxx. p. 147.</subfield>
    </datafield>
    <datafield tag="581" ind1=" " ind2=" ">
      <subfield code="a">P. Gerbenzon, 'Some medieval canonists from the diocese of Utrecht', in: Studia Gratiana 12 (1967), p. 247-264. p. 262-263 nt. 44. ABHSS: O 20, 32.</subfield>
    </datafield>
    <datafield tag="581" ind1=" " ind2=" ">
      <subfield code="a">G. Dolezalek, 'Die handschriftliche Verbreitung von Rechtsprechungssammlungen der Rota', in: Zeitschrift der Savigny-Stiftung für Rechtsgeschichte, Kan. Abt., 58 (1972), p. 1-106. p. 78 (fol. 55r, 137v, 167r, 180r, 184v-192r). ABHSS: O 20, 77.</subfield>
    </datafield>
    <datafield tag="581" ind1=" " ind2=" ">
      <subfield code="a">Chr. van Wijnbergen &amp; H. Zapp, Verzeichnis kanonistischer Handschriften in den Niederlanden). Würzburg 1988. (= Forschungen zur Kirchenrechtswissenschaft 3). p. 264 (fol. 137v, 150v-180r, 184v-192r). ABHSS: TK 11.</subfield>
    </datafield>
    <datafield tag="581" ind1=" " ind2=" ">
      <subfield code="a">A.J. de Groot &amp; E.C.C. Coppens, Manuscripta canonistica Latina. Elenchus codicum necnon diplomatum iuris canonici ante a. 1600 in bibliothecis ac archivis neerlandicis. Nijmegen 1989. (= Rechtshistorische reeks van het Gerard Noodt Instituut 14). p. 393 nr. 1434 (fol. 137v, 55r-167r, 169r-175r, 176r-180r). ABHSS: TK 10.</subfield>
    </datafield>
    <datafield tag="581" ind1=" " ind2=" ">
      <subfield code="a">E.J. Polak, Medieval and Renaissance letter treatises and form letters: a census of manuscripts found in part of Western Europe, Japan, and the United States of America. Leiden, etc. 1994. ('Utrecht, Bibl. der Rijksuniversiteit': p. 87-89). (= Davis medieval texts and studies 9).</subfield>
    </datafield>
    <datafield tag="530" ind1=" " ind2=" ">
      <subfield code="a">Also available in online version.</subfield>
    </datafield>
    <datafield tag="655" ind1=" " ind2="7">
      <subfield code="a">Handschriften (vorm)</subfield>
      <subfield code="0">(NL-LeOCL)088143309.</subfield>
      <subfield code="2">gtt</subfield>
    </datafield>
    <datafield tag="700" ind1="0" ind2=" ">
      <subfield code="a">Johannes Lemovicensis.</subfield>
    </datafield>
    <datafield tag="700" ind1="0" ind2=" ">
      <subfield code="a">Giovanni d'Andrea,</subfield>
      <subfield code="d">ca.1270-1348.</subfield>
    </datafield>
    <datafield tag="700" ind1="1" ind2=" ">
      <subfield code="a">Gerson, Johannes,</subfield>
      <subfield code="d">1363-1419.</subfield>
    </datafield>
    <datafield tag="700" ind1="0" ind2=" ">
      <subfield code="a">Bernardus Claraevallensis.</subfield>
    </datafield>
    <datafield tag="700" ind1="0" ind2=" ">
      <subfield code="a">Ysebrandus de Wyringen.</subfield>
    </datafield>
    <datafield tag="700" ind1="1" ind2=" ">
      <subfield code="a">Oresme, Nicolas,</subfield>
      <subfield code="d">1320-1382.</subfield>
    </datafield>
    <datafield tag="700" ind1="0" ind2=" ">
      <subfield code="a">Laurentius de Aquilegia.</subfield>
    </datafield>
    <datafield tag="710" ind1="2" ind2=" ">
      <subfield code="a">Regulierenklooster (Utrecht)</subfield>
      <subfield code="4">fmo</subfield>
    </datafield>
    <datafield tag="776" ind1="0" ind2="8">
      <subfield code="i">Online version:</subfield>
      <subfield code="a">Petrus Blesensis,</subfield>
      <subfield code="t">Epistolae CLI.</subfield>
    </datafield>
    <datafield tag="856" ind1="4" ind2="1">
      <subfield code="u">http://objects.library.uu.nl/reader/resolver.php?obj=002514206&amp;type=2</subfield>
      <subfield code="x">Online</subfield>
      <subfield code="z">Full Text</subfield>
    </datafield>
    <datafield tag="936" ind1=" " ind2=" ">
      <subfield code="a">BATCHLOAD</subfield>
    </datafield>
  </record>